<?xml version="1.0" encoding="UTF-8"?>
<record
    xmlns:xsi="http://www.w3.org/2001/XMLSchema-instance"
    xsi:schemaLocation="http://www.loc.gov/MARC21/slim http://www.loc.gov/standards/marcxml/schema/MARC21slim.xsd"
    xmlns="http://www.loc.gov/MARC21/slim">

  <leader>00990cam a2200289 i 4500</leader>
  <controlfield tag="003">IMU CC</controlfield>
  <controlfield tag="005">20260310164531.0</controlfield>
  <controlfield tag="008">131202s2014    nyu      b    001 0 eng  </controlfield>
  <datafield tag="020" ind1=" " ind2=" ">
    <subfield code="a">9780393350647</subfield>
  </datafield>
  <datafield tag="040" ind1=" " ind2=" ">
    <subfield code="a">IMU CC</subfield>
    <subfield code="b">eng</subfield>
    <subfield code="e">rda</subfield>
  </datafield>
  <datafield tag="041" ind1="0" ind2=" ">
    <subfield code="a">eng</subfield>
  </datafield>
  <datafield tag="082" ind1="0" ind2="0">
    <subfield code="2">23</subfield>
    <subfield code="a">303.483</subfield>
    <subfield code="b">BRY</subfield>
  </datafield>
  <datafield tag="100" ind1=" " ind2=" ">
    <subfield code="a">Brynjolfsson, Erik</subfield>
    <subfield code="9">4430</subfield>
  </datafield>
  <datafield tag="245" ind1="1" ind2="4">
    <subfield code="a">The second machine age :</subfield>
    <subfield code="b">work, progress, and prosperity in a time of brilliant technologies /</subfield>
    <subfield code="c">Erik Brynjolfsson, Andrew McAfee.</subfield>
  </datafield>
  <datafield tag="250" ind1=" " ind2=" ">
    <subfield code="a">First Edition.</subfield>
  </datafield>
  <datafield tag="260" ind1=" " ind2=" ">
    <subfield code="a">New York :</subfield>
    <subfield code="b">W. W. Norton &amp; Company,</subfield>
    <subfield code="c">2016.</subfield>
  </datafield>
  <datafield tag="300" ind1=" " ind2=" ">
    <subfield code="a">XIV, 306 p ;</subfield>
    <subfield code="c">21 cm.</subfield>
  </datafield>
  <datafield tag="336" ind1=" " ind2=" ">
    <subfield code="a">text</subfield>
    <subfield code="2">rdacontent</subfield>
  </datafield>
  <datafield tag="504" ind1=" " ind2=" ">
    <subfield code="a">Includes bibliographical references and index.</subfield>
  </datafield>
  <datafield tag="650" ind1=" " ind2="0">
    <subfield code="a">Information technology</subfield>
    <subfield code="x">Economic aspects.</subfield>
    <subfield code="9">4431</subfield>
  </datafield>
  <datafield tag="650" ind1=" " ind2="0">
    <subfield code="a">Economic development</subfield>
    <subfield code="x">Technological innovations.</subfield>
    <subfield code="9">4432</subfield>
  </datafield>
  <datafield tag="650" ind1=" " ind2="0">
    <subfield code="a">Progress</subfield>
    <subfield code="x">Social aspects.</subfield>
    <subfield code="9">4433</subfield>
  </datafield>
  <datafield tag="650" ind1=" " ind2="0">
    <subfield code="a">Social stratification.</subfield>
    <subfield code="9">4434</subfield>
  </datafield>
  <datafield tag="700" ind1=" " ind2=" ">
    <subfield code="a">McAfee, Andrew</subfield>
    <subfield code="9">4435</subfield>
  </datafield>
  <datafield tag="856" ind1=" " ind2=" ">
    <subfield code="y">BK</subfield>
  </datafield>
  <datafield tag="942" ind1=" " ind2=" ">
    <subfield code="c">BK</subfield>
    <subfield code="2">ddc</subfield>
  </datafield>
  <datafield tag="999" ind1=" " ind2=" ">
    <subfield code="c">10334</subfield>
    <subfield code="d">10334</subfield>
  </datafield>
  <datafield tag="952" ind1=" " ind2=" ">
    <subfield code="0">0</subfield>
    <subfield code="1">0</subfield>
    <subfield code="2">ddc</subfield>
    <subfield code="4">0</subfield>
    <subfield code="7">0</subfield>
    <subfield code="a">IMUU</subfield>
    <subfield code="b">IMUU</subfield>
    <subfield code="c">GEN</subfield>
    <subfield code="d">2025-11-03</subfield>
    <subfield code="e">M/s. T V Enterprises; 414/25-26 Dt.13.10.2025</subfield>
    <subfield code="g">1471.00</subfield>
    <subfield code="l">0</subfield>
    <subfield code="o">303.483 BRY</subfield>
    <subfield code="p">24044</subfield>
    <subfield code="r">2025-11-03 16:42:12</subfield>
    <subfield code="w">2025-11-03</subfield>
    <subfield code="y">BK</subfield>
  </datafield>
  <datafield tag="952" ind1=" " ind2=" ">
    <subfield code="0">0</subfield>
    <subfield code="1">0</subfield>
    <subfield code="2">ddc</subfield>
    <subfield code="4">0</subfield>
    <subfield code="7">0</subfield>
    <subfield code="a">IMUU</subfield>
    <subfield code="b">IMUU</subfield>
    <subfield code="c">GEN</subfield>
    <subfield code="d">2025-11-03</subfield>
    <subfield code="e">M/s. T V Enterprises; 414/25-26 Dt.13.10.2025</subfield>
    <subfield code="g">1471.00</subfield>
    <subfield code="l">0</subfield>
    <subfield code="o">303.483 BRY</subfield>
    <subfield code="p">24045</subfield>
    <subfield code="r">2025-11-03 16:42:12</subfield>
    <subfield code="w">2025-11-03</subfield>
    <subfield code="y">BK</subfield>
  </datafield>
  <datafield tag="952" ind1=" " ind2=" ">
    <subfield code="0">0</subfield>
    <subfield code="1">0</subfield>
    <subfield code="2">ddc</subfield>
    <subfield code="4">0</subfield>
    <subfield code="7">0</subfield>
    <subfield code="a">IMUU</subfield>
    <subfield code="b">IMUU</subfield>
    <subfield code="c">GEN</subfield>
    <subfield code="d">2025-11-03</subfield>
    <subfield code="e">M/s. T V Enterprises; 414/25-26 Dt.13.10.2025</subfield>
    <subfield code="g">1471.00</subfield>
    <subfield code="l">0</subfield>
    <subfield code="o">303.483 BRY</subfield>
    <subfield code="p">24046</subfield>
    <subfield code="r">2025-11-03 16:42:12</subfield>
    <subfield code="w">2025-11-03</subfield>
    <subfield code="y">BK</subfield>
  </datafield>
  <datafield tag="952" ind1=" " ind2=" ">
    <subfield code="0">0</subfield>
    <subfield code="1">0</subfield>
    <subfield code="2">ddc</subfield>
    <subfield code="4">0</subfield>
    <subfield code="7">0</subfield>
    <subfield code="a">IMUU</subfield>
    <subfield code="b">IMUU</subfield>
    <subfield code="c">GEN</subfield>
    <subfield code="d">2025-11-03</subfield>
    <subfield code="e">M/s. T V Enterprises; 414/25-26 Dt.13.10.2025</subfield>
    <subfield code="g">1471.00</subfield>
    <subfield code="l">0</subfield>
    <subfield code="o">303.483 BRY</subfield>
    <subfield code="p">24047</subfield>
    <subfield code="r">2025-11-03 16:42:12</subfield>
    <subfield code="w">2025-11-03</subfield>
    <subfield code="y">BK</subfield>
  </datafield>
  <datafield tag="952" ind1=" " ind2=" ">
    <subfield code="0">0</subfield>
    <subfield code="1">0</subfield>
    <subfield code="2">ddc</subfield>
    <subfield code="4">0</subfield>
    <subfield code="7">0</subfield>
    <subfield code="a">IMUU</subfield>
    <subfield code="b">IMUU</subfield>
    <subfield code="c">GEN</subfield>
    <subfield code="d">2025-11-03</subfield>
    <subfield code="e">M/s. T V Enterprises; 414/25-26 Dt.13.10.2025</subfield>
    <subfield code="g">1471.00</subfield>
    <subfield code="l">0</subfield>
    <subfield code="o">303.483 BRY</subfield>
    <subfield code="p">24048</subfield>
    <subfield code="r">2025-11-03 16:42:12</subfield>
    <subfield code="w">2025-11-03</subfield>
    <subfield code="y">BK</subfield>
  </datafield>
  <datafield tag="952" ind1=" " ind2=" ">
    <subfield code="0">0</subfield>
    <subfield code="1">0</subfield>
    <subfield code="2">ddc</subfield>
    <subfield code="4">0</subfield>
    <subfield code="7">0</subfield>
    <subfield code="a">IMUU</subfield>
    <subfield code="b">IMUU</subfield>
    <subfield code="c">GEN</subfield>
    <subfield code="d">2025-11-03</subfield>
    <subfield code="e">M/s. T V Enterprises; 414/25-26 Dt.13.10.2025</subfield>
    <subfield code="g">1471.00</subfield>
    <subfield code="l">0</subfield>
    <subfield code="o">303.483 BRY</subfield>
    <subfield code="p">24049</subfield>
    <subfield code="r">2025-11-03 16:42:12</subfield>
    <subfield code="w">2025-11-03</subfield>
    <subfield code="y">BK</subfield>
  </datafield>
  <datafield tag="952" ind1=" " ind2=" ">
    <subfield code="0">0</subfield>
    <subfield code="1">0</subfield>
    <subfield code="2">ddc</subfield>
    <subfield code="4">0</subfield>
    <subfield code="7">0</subfield>
    <subfield code="a">IMUU</subfield>
    <subfield code="b">IMUU</subfield>
    <subfield code="c">GEN</subfield>
    <subfield code="d">2025-11-03</subfield>
    <subfield code="e">M/s. T V Enterprises; 414/25-26 Dt.13.10.2025</subfield>
    <subfield code="g">1471.00</subfield>
    <subfield code="l">0</subfield>
    <subfield code="o">303.483 BRY</subfield>
    <subfield code="p">24050</subfield>
    <subfield code="r">2025-11-03 16:42:12</subfield>
    <subfield code="w">2025-11-03</subfield>
    <subfield code="y">BK</subfield>
  </datafield>
  <datafield tag="952" ind1=" " ind2=" ">
    <subfield code="0">0</subfield>
    <subfield code="1">0</subfield>
    <subfield code="2">ddc</subfield>
    <subfield code="4">0</subfield>
    <subfield code="7">0</subfield>
    <subfield code="a">IMUU</subfield>
    <subfield code="b">IMUU</subfield>
    <subfield code="c">GEN</subfield>
    <subfield code="d">2025-11-03</subfield>
    <subfield code="e">M/s. T V Enterprises; 414/25-26 Dt.13.10.2025</subfield>
    <subfield code="g">1471.00</subfield>
    <subfield code="l">1</subfield>
    <subfield code="o">303.483 BRY</subfield>
    <subfield code="p">24051</subfield>
    <subfield code="r">2026-03-09 12:48:32</subfield>
    <subfield code="s">2026-03-04</subfield>
    <subfield code="w">2025-11-03</subfield>
    <subfield code="y">BK</subfield>
  </datafield>
  <datafield tag="952" ind1=" " ind2=" ">
    <subfield code="0">0</subfield>
    <subfield code="1">0</subfield>
    <subfield code="2">ddc</subfield>
    <subfield code="4">0</subfield>
    <subfield code="7">0</subfield>
    <subfield code="a">IMUU</subfield>
    <subfield code="b">IMUU</subfield>
    <subfield code="c">GEN</subfield>
    <subfield code="d">2025-11-03</subfield>
    <subfield code="e">M/s. T V Enterprises; 414/25-26 Dt.13.10.2025</subfield>
    <subfield code="g">1471.00</subfield>
    <subfield code="l">0</subfield>
    <subfield code="o">303.483 BRY</subfield>
    <subfield code="p">24052</subfield>
    <subfield code="r">2025-11-03 16:42:12</subfield>
    <subfield code="w">2025-11-03</subfield>
    <subfield code="y">BK</subfield>
  </datafield>
  <datafield tag="952" ind1=" " ind2=" ">
    <subfield code="0">0</subfield>
    <subfield code="1">0</subfield>
    <subfield code="2">ddc</subfield>
    <subfield code="4">0</subfield>
    <subfield code="7">0</subfield>
    <subfield code="a">IMUU</subfield>
    <subfield code="b">IMUU</subfield>
    <subfield code="c">GEN</subfield>
    <subfield code="d">2025-11-03</subfield>
    <subfield code="e">M/s. T V Enterprises; 414/25-26 Dt.13.10.2025</subfield>
    <subfield code="g">1471.00</subfield>
    <subfield code="l">0</subfield>
    <subfield code="o">303.483 BRY</subfield>
    <subfield code="p">24053</subfield>
    <subfield code="r">2025-11-03 16:42:12</subfield>
    <subfield code="w">2025-11-03</subfield>
    <subfield code="y">BK</subfield>
  </datafield>
</record>
